000 014810000a22003490004500
003 EG-GICUC
005 20250223025428.0
008 080817s2008 ua h f m 000 0 eng d
040 _aEG-GICUC
_beng
_cEG-GICUC
041 0 _aEng
049 _aDeposite
097 _aM.Sc
099 _aCai01.11.10.M.Sc.2008.Ra.D
100 0 _aRana Fathi Hilal
245 1 0 _aDifferent therapeutic modalities for treatment of melasma /
_cRana Fathi Hilal ; Supervised Omar A.Azzam , Tahra M.Leheta , Noha A.Nagui
246 1 5 _aدراسة مقارنة بين مختلف انظمة علاج الكلف
260 _aCairo :
_bRana Fathi Hilal ,
_c2008
300 _a224P. :
_bfacsimiles ;
_c25cm
502 _aThesis (M.Sc.) - Cairo University - Faculty Of Medicine - Department Of Dermatology and Venerology
520 _aTreatment of melasma remains an enigma due to prolonged time to respond as well as the substantial relapse rate.Chemical peels have become a popular modality in the treatment of melasma.Also topical depigmenting agents used for treatment of melasme are widely available
530 _aIssued also as CD
653 4 _aChemical peeling
653 4 _aMelasma
653 4 _aTCA
700 0 _aNoha Abdelrehmem Nagui ,
_eSupervisor
700 0 _aOmar Ahmed Azzam ,
_eSupervisor
700 0 _aTahra Mohamed Leheta ,
_eSupervisor
856 _uhttp://172.23.153.220/th.pdf
905 _aMustafa
_eRevisor
905 _aSamia
_eCataloger
942 _2ddc
_cTH
999 _c12760
_d12760